000 00545nam a2200157 i 4500
001 47212
003 ES-MaACL
005 20230906161524.0
007 t|
008 030404s1963 sp ||||1| spa d
245 0 0 _aConvenios colectivos sindicales
_b: Ley de 25 de abril de 19858, Reglamento de 22 de julio de 1958 : disposiciones complementarias.
260 _aMadrid :
_bEdiciones laborales,
_c1963.
300 _a23 p. ;
_c32 cm.
650 4 _aConvenios colectivos-
_zEspaƱa-
_vLegislación.
_9169656
852 _aES-MaACL
_j2031-F-22
_bR.51401
999 _c47212
_d47212